000 00653nam a2200229Ia 4500
003 OSt
005 20221005122825.0
006 a|||||r|||| 00| 0
007 ta
008 221004b |||||||| |||| 00| 0 rus d
024 _a28232
037 _cTextual
040 _aCRL
_cCRL
_brus
041 _2rus
_arus
082 _a12:328:58, 142K1.2-.3
100 _aMikhailova A I Comp
_9632666
245 0 _aKatalog arabachikhi ruchepisei instituta narodev Aji achademi nauch USSR pt 2 3
260 _c1961
650 _aBIBLIOGRAPHY
942 _h12:328:58, 142K1.2-.3
_cTEXL
_2cc
999 _c1045495
_d1045495